01215nam a2200253 a 4500001001000000003000900010005001700019007000300036008004100039040002500080082002300105110014600128245014100274260010300415300002700518590002800545650006300573650004000636910000800676942001400684952012700698952011900825999001700944000029611DO-SdBNP20220524093943.0ta110404s1979 dr a 000 0 spa d aDO-SdBNPbspacBNPHU 4a693.852bR426r2221 aRepública Dominicana .bSecretaría de estado de Obras Públicas y Comunicaciones; Departamento de Normas, Reglamentos y Sistemas 93577510aRecomendaciones provisionales para el análisis sísmico de estructuras /cSecretaría de estado de Obras Públicas y Comunicaciones aSanto Domingo :bSecretaría de estado de Obras Públicas y Comunicaciones,c1979.fAlfa y Omega a37 p. :bil. ;c28 cm. aInventariado, 2021 / DG 4aAnálisis plástico (Teoría de las estructuras)979060 4aEstructuras sismoresistentes979061 aD/G 2ddccLBS1 00102ddc53708PDaBNPHUbBNPHUcCTd2011-04-19eDonadooBNPHU PD 693.852 R426rp29611-10r2020-06-25w2021-08-27yLBS1 00102ddc53708PDaBNPHUbBNPHUcHDd2021-07-01oBNPHU PD 693.852 R426rp2021-2324r2021-07-01w2021-07-01yLBS1 c29103d29103